Los alcances y perspectivas del programa campaña nacional de alfabetización
Wedi'i Gadw mewn:
| Prif Awdur: | |
|---|---|
| Fformat: | Llyfr |
| Iaith: | Sbaeneg |
| Cyhoeddwyd: |
Santiago
P.I.I.E
1982
|
| Pynciau: | |
| Tagiau: |
Ychwanegu Tag
Dim Tagiau, Byddwch y cyntaf i dagio'r cofnod hwn!
|
MARC
| LEADER | 00000nam a2200000 a 4500 | ||
|---|---|---|---|
| 001 | UCU0926 | ||
| 003 | CL-VaPUC | ||
| 008 | 960329e19820000CL |||||||||||||||||spa|d | ||
| 082 | 0 | 4 | |a 374.012 |b DEL |2 21 |
| 100 | 0 | |a Delpiano, Adriana |e author |9 356422 | |
| 245 | 1 | 4 | |a Los alcances y perspectivas del programa campaña nacional de alfabetización |
| 300 | |a 39 p | ||
| 942 | |c BK | ||
| 945 | |d 19960329 00:00:00 |a cmena | ||
| 260 | |a Santiago |b P.I.I.E |c 1982 | ||
| 500 | |a Proyecto de Investigación: Transformaciones en la Educación Chilena bajo el Régimen Militar | ||
| 650 | 0 | |a Programas de alfabetización |9 335611 | |
| 650 | 0 | |a Alfabetización |9 310435 | |
| 650 | 7 | |a CAMPAÑAS DE ALFABETIZACION |2 CL-VaPUC |9 356423 | |
| 583 | |a last modification |c 19960329 00:00:00 |k Rodrigo Vera | ||
| 999 | |c 245702 |d 245700 | ||
| 952 | |0 0 |1 0 |4 0 |6 374_012000000000000_DEL_1982 |7 0 |8 P |9 260291 |a BIBEDU |b BIBEDU |c BIBEDU_PB |d 2019-11-19 |i 1635743 |o 374.012 DEL 1982 |p 1635743 |r 2024-01-25 |w 2019-11-19 |y BK |k EDU | ||